000
00292nam a2200121Ia 4500
008
230917s9999||||xx |||||||||||||| ||und||
040
_e
117581
_a
MAIN
041
_a
English
082
_a
320.8095496 l786l
100
_a
Gellner,david
245
0
_a
Local democracy in south asia
942
_c
BK
999
_c
145988
_d
145988